Welcome to the Holygrace Academy Library

Please use search bar below to get started

BARACK OBAMA (Record no. 5619)

MARC details
000 -LEADER
fixed length control field 00318nam a22001337a 4500
020 ## - INTERNATIONAL STANDARD BOOK NUMBER
ISBN 978-1848872790
082 ## - DEWEY DECIMAL CLASSIFICATION NUMBER
Classification number 920
Item number MAR/B
100 ## - MAIN ENTRY--AUTHOR NAME
Personal name MARANISS,DAVID
245 ## - TITLE STATEMENT
Title BARACK OBAMA
Remainder of title THE MAKING OF THE MAN
260 ## - PUBLICATION, DISTRIBUTION, ETC. (IMPRINT)
Place of publication LONDON
Name of publisher ATLANTIC BOOKS
300 ## - PHYSICAL DESCRIPTION
Number of Pages 641
650 ## - SUBJECT ADDED ENTRY--TOPICAL TERM
Topical Term LIFE OF BARACK OBAMA
Geographic subdivision LONDON
942 ## - ADDED ENTRY ELEMENTS (KOHA)
Koha item type Books
Holdings
Withdrawn status Lost status Collection code Home library Current library Shelving location Date acquired Source of acquisition Full call number Accession Number Koha item type
    Reference Main Library Main Library SHELF-17-I-BIOGRAPHIES & AUTOBIOGRAPHIES 05/09/2012 PURCHASE 920 MAR/B 03892 Books